[Event "Rajapalayam Ramco op"]
[Site "Rajapalayam"]
[Date "2019.11.30"]
[Round "2"]
[White "Sailesh, R."]
[Black "Senthil, Maran K"]
[Result "0-1"]
[WhiteElo "1420"]
[BlackElo "2312"]
[PlyCount "104"]
[EventDate "2019.11.30"]
[EventType "swiss"]
[EventRounds "8"]
[EventCountry "IND"]
[SourceTitle "CBM 193 Extra"]
[Source "ChessBase"]
[SourceDate "2020.01.31"]
[SourceVersion "1"]
[SourceVersionDate "2020.01.31"]
[SourceQuality "1"]

1. e4 c5 2. Nf3 Nc6 3. d4 cxd4 4. Nxd4 g6 5. Nc3 Bg7 6. Be3 Nf6 7. Be2 0-0 8. 0-0 d5 9. exd5 Nb4 10. d6 Qxd6 11. Bf3 Nfd5 12. Nxd5 Nxd5 13. Bxd5 Qxd5 14. c3 b6 15. Qb3 Bb7 16. Qxd5 Bxd5 17. Rfd1 e6 18. Nb5 Be5 19. Bd4 Bf4 20. Bf6 Rfc8 21. b3 a6 22. c4 Bc6 23. Nd6 Rc7 24. Rd4 Bh6 25. Rad1 Bg7 26. Ne4 Bxf6 27. Nxf6+ Kg7 28. Nd7 Rb7 29. f3 Rc8 30. Ne5 Be8 31. Rd8 Rbb8 32. Rxc8 Rxc8 33. Rd6 Rb8 34. b4 Kf6 35. Nc6 Rc8 36. b5 Bxc6 37. bxc6 Rc7 38. Kf2 Ke7 39. Rd4 Rxc6 40. Ke3 Rd6 41. Rh4 h5 42. g4 hxg4 43. fxg4 b5 44. cxb5 axb5 45. g5 Ra6 46. Rb4 Ra3+ 47. Kd4 Rxa2 48. Rxb5 Rxh2 49. Rb7+ Kf8 50. Rb8+ Kg7 51. Ke5 Rf2 52. Kd6 Rf5 0-1